| 000 | 00807nac a22002531u 4500 | ||
|---|---|---|---|
| 003 | EG-ScBUE | ||
| 005 | 20221013094909.0 | ||
| 008 | 221013s2001 enkabc f b 001 0 eng d | ||
| 020 | _a0713659467 (pbk.) | ||
| 020 | _a9780713659467 | ||
| 040 |
_aEG-ScBUE _beng _erda _cEG-ScBUE _dEG-ScBUE |
||
| 082 | 0 | 4 |
_a720.9 _bRIS _222 |
| 100 | 1 |
_aRisebero, Bill, _d1938- _eauthor. |
|
| 245 | 1 | 4 |
_aThe story of western architecture / _cBill Risebero. |
| 250 | _aThird edition. | ||
| 264 | 1 |
_aLondon : _bHerbert Press, _c2001. |
|
| 300 |
_a320 pages : _billustrations, maps, portraits ; _c26 cm |
||
| 500 | _aPrevious ed.: 1997. | ||
| 504 | _aIncludes bibliographical references and index. | ||
| 650 | 7 |
_aArchitecture _xHistory. _2BUEsh |
|
| 653 | _bENGARC | ||
| 655 | _vReading book | ||
| 942 |
_cBB _2ddc |
||
| 999 |
_c1609 _d1609 |
||